• 首页
  • 本馆介绍
  • 公告通知
  • 最新文献
  • 馆藏检索
  • 电子资源
  • 读者导购
  • 参考咨询
  • 我的图书馆
  • 登录
  • 详细信息显示
  • 放入我的书架
  • 预约/预借图书
  • 作者相关作品
  • 分类相关作品
  • 丛书相关作品
  • 出版社相关作品

书目信息

  • 表格格式
  • 工作单格式
  • 卡片格式
题名:
水环境数学模型及其应用
    
 
作者: 彭泽洲 , 杨天行 , 梁秀娟 编著
分册:  
出版信息: 北京   化学工业出版社  2007
页数: 244页
开本: 24cm
丛书名:
单 册:
中图分类: X143
科图分类:
主题词: 水环境--数学模型
电子资源:
ISBN: 7-5025-9140-0
000 01128nam0 2200289 45
001 012004090797
005 20061201130638.0
009 012004090797
010    @a7-5025-9140-0@dCNY45.00
035    @a(110019)012006120071
100    @a20061123d2007 em y0chiy0110 ea
101 0  @achi
102    @aCN@b110000
105    @ay z 000yy
106    @ar
200 1  @a水环境数学模型及其应用@Ashui huan jing shu hua mu xing ji qi ying yong@dMathematical model of water environment and its application@f彭泽洲,杨天行,梁秀娟编著@Fpeng ze zhou, yang tian xing, liang xiu juan bian zhu@zeng
210    @a北京@c化学工业出版社@d2007
215    @a244页@d24cm
330    @a本书以水环境数学模型及其近代数值求解方法和应用为核心,以地表水环境为重点,介绍了地表水污染质迁移模型和地下水数学模型。
510 1  @aMathematical model of water environment and its application@zeng
606 0  @a水环境@x数学模型
690    @aX143@v4
701  0 @a彭泽洲@Apeng ze zhou@4编著
701  0 @a杨天行@Ayang tian xing@4编著
701  0 @a梁秀娟@Aliang xiu juan@4编著
801  0 @aCN@b110019@c20061130
905    @dX143@e115 @f5
    
    水环境数学模型及其应用=Mathematical model of water environment and its application/彭泽洲,杨天行,梁秀娟编著.-北京:化学工业出版社,2007
    244页;24cm
    
    
    ISBN 7-5025-9140-0:CNY45.00
    本书以水环境数学模型及其近代数值求解方法和应用为核心,以地表水环境为重点,介绍了地表水污染质迁移模型和地下水数学模型。
●
相关链接 在E读中查询图书 在五车中查询图书 在当当中查询图书 在豆瓣中查询图书


正题名:水环境数学模型及其应用     索取号:X143/115         预约/预借

序号 登录号 条形码 馆藏地/架位号 状态 备注
1 0579205   205792052   第二样本阅览室/ [索取号:X143/115] 在馆    
2 0579206   205792061   第三借阅区/ [索取号:X143/115] 在馆    
3 0579207   205792070   第三借阅区/ [索取号:X143/115] 在馆    
4 0579208   205792089   第三借阅区/ [索取号:X143/115] 在馆    
5 0579209   205792098   第三借阅区/ [索取号:X143/115] 在馆    
6 0579210   205792105   第三借阅区/ [索取号:X143/115] 在馆    
7 0579211   205792114   第三借阅区/ [索取号:X143/115] 在馆    
8 0579212   205792123   第三借阅区/ [索取号:X143/115] 在馆    
9 0579213   205792132   第三借阅区/ [索取号:X143/115] 在馆    
10 0579214   205792141   第三借阅区/ [索取号:X143/115] 在馆    
11 0850548   208505483   第三借阅区/ [索取号:X143/115] 在馆    
12 0850549   208505492   第三借阅区/ [索取号:X143/115] 在馆    
13 0850550   208505508   第三借阅区/ [索取号:X143/115] 在馆    
14 0850551   208505517   第三借阅区/ [索取号:X143/115] 在馆    
15 0850552   208505526   第三借阅区/ [索取号:X143/115] 在馆    
唐山师范学院图书馆 欢迎您!
大连网信软件有限公司© 版权所有